Language Quiz

Random Language or Letter Quiz

Common 4-Letter Word Match Quiz Stats

Quiz Updated Jul 12, 2013

Challenge
Share
Tweet
Score 0/15 Timer 04:00
0 Plays Today
% Correct
T
80.9%
Y
73.3%
T
70.1%
T
54.3%
T
50.4%
F
47.6%
H
45.8%
W
45.7%
% Correct
W
44.5%
K
44.2%
S
40.6%
B
40.3%
G
37.1%
W
36.8%
M
33.9%

You're not logged in!

Compare scores with friends on all Sporcle quizzes.
Sign Up with Email
OR
Log In

You Might Also Like...

Show Comments

Extras

Top Quizzes Today


Score Distribution

Your Account Isn't Verified!

In order to create a playlist on Sporcle, you need to verify the email address you used during registration. Go to your Sporcle Settings to finish the process.